000 00313nam a22001337a 4500
008 170411b xxu||||| |||| 00| 0 eng d
020 _a9780534577995
041 _aeng
080 _29TH
_a612.39
100 _a10
101 _aSHM
245 _aNUTRITION CONCEPTS AND CONTRAVERSIES
_cSIZER, F
942 _2udc
_cBK
999 _c10435
_d10435